De sol a sol / (Record no. 17463)

MARC details
000 -LEADER
fixed length control field 00677nam a22002297a 4500
001 - CONTROL NUMBER
control field sjds170069
003 - CONTROL NUMBER IDENTIFIER
control field sjds
005 - DATE AND TIME OF LATEST TRANSACTION
control field 20170611121626.0
008 - FIXED-LENGTH DATA ELEMENTS--GENERAL INFORMATION
fixed length control field 170611b nyu||||| |||| 00| 0 spa d
020 ## - INTERNATIONAL STANDARD BOOK NUMBER
International Standard Book Number 9780590469036 (pbk.)
020 ## - INTERNATIONAL STANDARD BOOK NUMBER
International Standard Book Number 0590469037 (pbk.)
040 ## - CATALOGING SOURCE
Transcribing agency sjds
041 ## - LANGUAGE CODE
Language code of text/sound track or separate title spa
Language code of original eng
082 ## - DEWEY DECIMAL CLASSIFICATION NUMBER
Classification number 523.7
100 ## - MAIN ENTRY--PERSONAL NAME
Personal name Gibbons, Gail
240 ## - UNIFORM TITLE
Uniform title <a href="Sun up, sun down.">Sun up, sun down.</a>
245 ## - TITLE STATEMENT
Title De sol a sol /
Statement of responsibility, etc. Gail Gibbons.
260 ## - PUBLICATION, DISTRIBUTION, ETC. (IMPRINT)
Place of publication, distribution, etc. New York :
Name of publisher, distributor, etc. Scholastic,
Date of publication, distribution, etc. c1993.
300 ## - PHYSICAL DESCRIPTION
Extent 28 unnumbered pages :
Other physical details color illustrations ;
Dimensions 26 cm
520 ## - SUMMARY, ETC.
Summary, etc. Describes the characteristics of the sun and the ways in which it regulates life on earth.
942 ## - ADDED ENTRY ELEMENTS (KOHA)
Source of classification or shelving scheme Dewey Decimal Classification
Koha item type Libro/Book
Holdings
Withdrawn status Lost status Damaged status Not for loan Home library Current library Date acquired Inventory number Total Checkouts Full call number Barcode Date last seen Price effective from Koha item type
        Azul y Blanco -- Satellite Azul y Blanco -- Satellite 11/06/2017 inventory date: 22-1-25   JI 35200552 11/06/2017 11/06/2017 Libro/Book

Powered by Koha